<?xml version="1.0" encoding="utf-8"?>
<?xml-stylesheet type='text/xsl' href='./oai2.xsl'?>
<OAI-PMH xmlns="http://www.openarchives.org/OAI/2.0/" xmlns:xsi="http://www.w3.org/2001/XMLSchema-instance" xsi:schemaLocation="http://www.openarchives.org/OAI/2.0/ http://www.openarchives.org/OAI/2.0/OAI-PMH.xsd">
  <responseDate>2026-06-04T03:03:43Z</responseDate>
  <request verb="GetRecord" metadataPrefix="marcxml" identifier="record_kuniweb_68792">https://kulturerbe.niedersachsen.de/oai</request>
  <GetRecord>
    <record>
      <header>
        <identifier>record_kuniweb_68792</identifier>
        <datestamp>2024-02-22T10:22:04Z</datestamp>
        <setSpec>slg0197</setSpec>
      </header>
      <metadata>
        <marc:record xmlns:marc="http://www.loc.gov/MARC21/slim" xsi:schemaLocation="http://www.loc.gov/MARC21/slim http://www.loc.gov/standards/marcxml/schema/MARC21slim.xsd">
          <marc:leader>12345nrm  22     uu 4500</marc:leader>
          <marc:controlfield tag="001">68792</marc:controlfield>
          <marc:controlfield tag="003">http://kuniweb.gbv.de</marc:controlfield>
          <marc:controlfield tag="005">2019-01-30T13:13:06</marc:controlfield>
          <marc:controlfield tag="008">|           ||||||||||||||||||||||</marc:controlfield>
          <marc:datafield tag="245" ind1="1" ind2="0">
            <marc:subfield code="a">Fibel, Silber, vergoldet</marc:subfield>
          </marc:datafield>
          <marc:datafield tag="655" ind1=" " ind2="7">
            <marc:subfield code="a">Archäologie</marc:subfield>
          </marc:datafield>
          <marc:datafield tag="046" ind1=" " ind2=" ">
            <marc:subfield code="k">0500</marc:subfield>
            <marc:subfield code="k">ca. 500</marc:subfield>
          </marc:datafield>
          <marc:datafield tag="260" ind1=" " ind2=" ">
            <marc:subfield code="g">0500</marc:subfield>
            <marc:subfield code="g">ca. 500</marc:subfield>
          </marc:datafield>
          <marc:datafield tag="300" ind1=" " ind2=" ">
            <marc:subfield code="a">Länge: 9,4 cm
Breite: 5,6 cm
Höhe: 2,5 cm</marc:subfield>
          </marc:datafield>
          <marc:datafield tag="520" ind1=" " ind2=" ">
            <marc:subfield code="a">Gleicharmige Fibel aus dem Dösemoor bei Oederquart. Mit Kerbschnitt sind Ranken und Tiere in das vergoldete Silberblech eingetieft. Auf das Meisterstück sächsischer Schmiedekunst stieß ein Torfstecher Ihr einstiger Besitzer hatte sie in ein Wolltuch gewickelt und im Morast deponiert. Ein identisches Stück wurde in Little Wilbraham in England gefunden. Es kommt aus der gleichen Gussform. Ob die Fibel von den ausgewanderten Sachsen erst in Britannien gegossen wurde, oder als fertiges Produkt dorthin gelangte, bleibt offen. 
 (Museen Stade | GHV)

Beschrieben in:
A. Cassau, „Eine gleicharmige Fibel aus Dösemoor, Kr. Kehdingen“, Nachrichten aus Niedersachsens Urgeschichte, Bd. 5. Theiss, Darmstadt, S. 26-29, 1931.

Beschrieben in:
A. Cassau, „Eine gleicharmige Fibel aus Dösemoor, Kr. Kehdingen“, Niedersächsisches Jahrbuch für Landesgeschichte, Bd. 05. Wallstein-Verl, Göttingen, S. 026-029, 1931.

Literatur in Zusammenhang:
I. Deck, „Anglo-Saxon remains, found at Little Wilbraham, Cambridgeshire“, Bd. 8. S. 172-178, 1851.</marc:subfield>
          </marc:datafield>
          <marc:datafield tag="650" ind1="1" ind2=" ">
            <marc:subfield code="a">Kleidung</marc:subfield>
          </marc:datafield>
          <marc:datafield tag="773" ind1="0" ind2=" ">
            <marc:subfield code="t">Sammlung des Stader Geschichts- und Heimatvereins</marc:subfield>
          </marc:datafield>
          <marc:datafield tag="852" ind1=" " ind2=" ">
            <marc:subfield code="a">Museum Schwedenspeicher</marc:subfield>
          </marc:datafield>
          <marc:datafield tag="852" ind1=" " ind2=" ">
            <marc:subfield code="a">Dösemoor (Oederquart, Nordkehdingen, Stade, Niedersachsen)</marc:subfield>
          </marc:datafield>
          <marc:datafield tag="" ind1=" " ind2=" ">
            <marc:subfield code="a">Namensnennung 4.0 International (CC BY 4.0)</marc:subfield>
          </marc:datafield>
        </marc:record>
      </metadata>
    </record>
  </GetRecord>
</OAI-PMH>
